000
00234nam a2200097Ia 4500
008
190216s9999||||xx |||||||||||||| ||und||
100
_a
K A Neelakanda Shashthri
245
0
_a
Dakshina Bharatha Charithram
260
_b
Null
942
_c
BK
999
_c
19219
_d
19219